00297nam a2200121Ia 4500008004100000041000800041082001500049100002100064245001200085260004100097300003000138365000700168240624s9999 xx 000 0 und d aeng a891.46 MAT aMATKARI RATNAKAR aNIJDHAM c2014aMumbaibMehta Publishing House aiv, : 122 : p. : cm. ; 20 cRS